|
|
|
|
| LEADER |
00000nab a2200000 a 4500 |
| 001 |
vtls000059030 |
| 003 |
SK-MaSNL |
| 005 |
20260303223048.0 |
| 008 |
111031c1979 xo 0 slo |
| 015 |
|
|
|a SNBRA19rr/mm-uuuuu
|
| 035 |
|
|
|a CL0069127
|
| 040 |
|
|
|a SNKBUCL
|b slo
|c SNKBUCL
|e AACR2
|
| 041 |
0 |
|
|a slo
|
| 044 |
|
|
|a xo
|c SK
|
| 080 |
|
|
|a 628
|2 1981
|
| 245 |
0 |
0 |
|a Radiačná deštrukcia povrchovo aktívnych látok v odpadových vodách ; P. Rajec, R. Kopunec, R. Čech, J. Uhnák
|
| 300 |
|
|
|b Obr. 2. Tb. 2. Res. angl., rus.
|
| 650 |
0 |
7 |
|a odpadové vody
|2 SNKPH
|9 66096
|
| 650 |
0 |
7 |
|a povrchovo aktívne látky
|2 SNKPH
|9 51181
|
| 655 |
|
7 |
|a články zo zborníkov
|2 SNKPH
|9 166140
|
| 700 |
1 |
|
|a Rajec, Pavol,
|d 1947-
|4 aut
|9 39755
|
| 700 |
1 |
|
|a Kopunec, Rudolf,
|d 1935-
|4 aut
|9 39754
|
| 700 |
1 |
|
|a Čech, R.
|4 aut
|9 660115
|
| 700 |
1 |
|
|a Uhnák, J.
|4 aut
|9 656153
|
| 773 |
0 |
|
|t Acta Facultatis rerum naturalium Universitatis Comenianae
|d Bratislava : SPN, 1979
|g S. 69-77
|
| 850 |
|
|
|a Slovenská národná knižnica v Martine
|a MTA001
|
| 852 |
|
|
|a SNK
|b KIS3GCP
|
| 958 |
|
|
|a RK
|
| 992 |
|
|
|a RZB
|
| 999 |
|
|
|c 2245673
|d 2247603
|